01690nam a2200409 i 450000100060000000300020000600500170000800600190002500700150004400800410005902000270010004000310012705000240015808000150018208200160019724500810021326400780029430000580037233600310043033700360046133800430049749000430054050400430058358801320062659001640075865000500092265000340097265000300100665500270103670000420106379700190110583000440112403500220116885600620119094200110125299900170126374710020241217151140.0m o u cr cn|||||||||190310s2013 sp a ob 000 0 spa d a9788498285857 (e-book) aFINmELBbspaerdacFINmELB14aHD30.255bS623 2013 a658:504.0504a658.40822300aSistemas integrados de gestión /cAndrés Pastor Fernández [y otros 4]. 1aCádiz :bServicio de Publicaciones de la Universidad de Cádiz,c2013. a1 recurso en línea (211 páginas) :bilustraciones atextobtxt2rdacontent/spa acomputadorabcbc2rdamedia/spa arecurso en líneabcr2rdacarrier/spa1 aManuales. Ingenierías y arquitectura aContiene referencias bibliográficas. aDescripción basada en recurso en línea; título de la página del título en PDF (elibro, visto el 10 de marzo de 2019). aRecurso electrónico. Santa Fe, Arg.: e-libro, 2018. Disponible vía World Wide Web. El acceso puede estar limitado para las bibliotecas afiliadas a e-libro. 0aIndustrial managementxEnvironmental aspects. 4aAdministración de empresas. 4aConservación ambiental. 4aLibros electrónicos.1 aPastor Fernández, Andrés,eautor.2 ae-libro, Corp. 0aManuales. Ingenierías y arquitectura. a(OCoLC)110552848740uhttps://elibro.net/ereader/politecnicointernacional/33897 cLIBROS c74710d74710